Geopolitics of the central European region The view from Prague and Bratislava
Uloženo v:
| Hlavní autor: | |
|---|---|
| Médium: | Kniha |
| Jazyk: | angličtina |
| Vydáno: |
Bratislava :
Veda, vydavateľstvo Slovenskej akadémie vied,
2005
|
| Vydání: | 1st ed. |
| Témata: | |
| ISBN: | 8022408522 |
| On-line přístup: |
|
| Tagy: |
Přidat tag
Žádné tagy, Buďte první, kdo vytvoří štítek k tomuto záznamu!
|
MARC
| LEADER | 00000nam a2200000 4500 | ||
|---|---|---|---|
| 003 | SK-BrCVT | ||
| 005 | 20230525123630.0 | ||
| 008 | 221214c2005 xo eng | ||
| 020 | |a 8022408522 |c 400.00 Sk | ||
| 035 | |a CVTIDW0022389 | ||
| 040 | |a CVTISR |c CVTISR |e AACR2 | ||
| 041 | |a eng | ||
| 044 | |a xo |c SK | ||
| 100 | 1 | |a Krejčí, Otakar |4 aut | |
| 245 | 1 | |a Geopolitics of the central European region |b The view from Prague and Bratislava |c Autor: Otakar Krejčí | |
| 250 | |a 1st ed. | ||
| 260 | 1 | |a Bratislava : |b Veda, vydavateľstvo Slovenskej akadémie vied, |c 2005 | |
| 300 | |a 493 s. | ||
| 655 | 4 | |a odborné publikácie |9 34859 | |
| 910 | |a 8970 |b P051574 | ||
| 919 | |a 80-224-0852-2 | ||
| 974 | |a cvti cvti |f Knihy neprofilové |b cvti cvti | ||
| 992 | |a AMG | ||
| 997 | |h WINISIS | ||
| 999 | |c 286866 |d 286866 | ||

